Rizikový kapitál na Slovensku

Možnosti využitia rizikového kapitálu na Slovensku. Podstata rizikového kapitálu. Spôsoby využitia rizikového kapitálu. Zhodnotenie využitia rizikového kapitálu v podnikoch. Prínos príspevku.

Guardado en:
Detalles Bibliográficos
Autor principal: Čuchranová, Katarína
Formato: Capítulo de libro
Lenguaje:eslovaco
Materias:
Etiquetas: Agregar Etiqueta
Sin Etiquetas, Sea el primero en etiquetar este registro!

MARC

LEADER 00000naa$a2200000$$$4500
001 0005118
005 20231003112938.9
041 0 |a slo 
044 |a SK 
245 1 0 |a Rizikový kapitál na Slovensku  |c aut. Katarína Čuchranová 
520 |a Možnosti využitia rizikového kapitálu na Slovensku. Podstata rizikového kapitálu. Spôsoby využitia rizikového kapitálu. Zhodnotenie využitia rizikového kapitálu v podnikoch. Prínos príspevku. 
610 2 0 |a kapitál rizikový 
610 2 0 |a investície 
610 2 0 |a podnik malý 
610 2 0 |a podnik stredný 
610 2 0 |a Slovensko 
100 1 |a Čuchranová, Katarína